000 00490nam a2200157Ia 4500
999 _c3612
_d3612
008 200103s 1994 ||||xx |||||||||||||| ||und||
082 _a343.54096
_bBHA
245 0 _aManual of merchant shipping act, 1958
260 _bBhandarkar Publications
_c1994
_aBombay
300 _axxxv, 225 p.
650 _aShipping amendment act 1966
650 _aShipping amendment act 1970
650 _aShipping amendment act 1976
700 _aGill, J.S.
_eIntroductor & Interpreter
942 _cBK